000 02163nam a2200361 i 4500
999 _c66537
_d66537
001 768714001
003 CO-MdFUSB
005 20200806150450.0
007 cr aa aaaaa
008 200717t2017 us |||| |||| 00| 0 spa d
020 _a9788498059939
_qelectrónico
040 _aCO-MdFUSB
_bspa
_cCO-MdFUSB
_dCO-MdFUSBC
_erda
041 _aspa
082 _223
_a230
100 _aAbadías Aurín, David,
_eautor
245 _aBreve historia de los concilios ecuménicos
_c/ David Abadías
_h[electrónico]
264 1 _aFrankfurt am Main :
_bCentro de Pastoral Litúrgica,
_c[2017]
264 4 _c© 2017
300 _c;
336 _2rdacontent
_atexto
_btxt
337 _2rdamedia
_ainformático
_bc
338 _2rdacarrier
_aremoto
_bcr
490 _aEmaús
505 _a Los concilios ecuménicos de la Iglesia. -- Concilio de Nicea (325). -- Concilio de Constantinopla (381). -- Concilio de Éfeso (431) I Concilio de Calcedonia (451). -- II Concilio de Constantinopla (553). -- III Concilio de Constantinopla (680-681) y el Concilio de Trullo (692). -- II Concilio de Nicea (787). -- IV Concilio de Constantinopla (869-870). -- I Concilio de Letrán (1123). -- II Concilio de Letrán (1139). -- III Concilio de Letrán (1179). -- IV Concilio de Letrán (1215). -- I Concilio de Lyon (1245)II Concilio de Lyon (1274). -- Concilio de Vienna (1311-1312). -- Concilio de Constanza (1414-1418). -- Concilio de Basilea-Ferrara-Florencia (1431-1445). -- V Concilio de Letrán (1512-1517). -- Concilio de Trento (1545-1563). -- Concilio Vaticano I (1869-1870). -- Concilio Vaticano II (1962-1965). -- Bibliografía consultada. -- Colección Emaús – Últimos títulos
506 _aPréstamo en biblioteca del libro físico
506 _aSolicitar clave y usuario para acceder al libro electrónico.
506 _aLibro multiusuario.
653 _aEclesiología
856 _b2217849
_uhttp://search.ebscohost.com/login.aspx?direct=true&scope=site&db=nlebk&db=nlabk&AN=2217849
_zAbrir Versión electrónica del libro Breve historia de los concilios ecuménicos
942 _cBK
945 _aJTF-925